<?xml version="1.0" encoding="UTF-8"?>
<record
    xmlns:xsi="http://www.w3.org/2001/XMLSchema-instance"
    xsi:schemaLocation="http://www.loc.gov/MARC21/slim http://www.loc.gov/standards/marcxml/schema/MARC21slim.xsd"
    xmlns="http://www.loc.gov/MARC21/slim">

  <leader>11517    a2200901   4500</leader>
  <controlfield tag="005">20080904105339.0</controlfield>
  <controlfield tag="008">080904t        xxu||||| |||| 00| 1 hin d</controlfield>
  <datafield tag="010" ind1=" " ind2=" ">
    <subfield code="a">HIN-79856         B-316099-144</subfield>
  </datafield>
  <datafield tag="020" ind1=" " ind2=" ">
    <subfield code="a">8188376124</subfield>
    <subfield code="c">150.00</subfield>
  </datafield>
  <datafield tag="035" ind1=" " ind2=" ">
    <subfield code="a">HN-52202</subfield>
  </datafield>
  <datafield tag="035" ind1=" " ind2=" ">
    <subfield code="a">B-316099-144</subfield>
  </datafield>
  <datafield tag="035" ind1=" " ind2=" ">
    <subfield code="a">B-326513</subfield>
  </datafield>
  <datafield tag="035" ind1=" " ind2=" ">
    <subfield code="a">B-358760</subfield>
  </datafield>
  <datafield tag="037" ind1=" " ind2=" ">
    <subfield code="b">D.B.Act / pub</subfield>
  </datafield>
  <datafield tag="037" ind1=" " ind2=" ">
    <subfield code="b">&#x915;&#x940;&#x928; &#x92C;&#x941;&#x915;&#x94D;&#x938;</subfield>
  </datafield>
  <datafield tag="037" ind1=" " ind2=" ">
    <subfield code="b">&#x92A;&#x948;&#x928;&#x94D;&#x938;&#x940;  &#x92C;&#x941;&#x915;&#x94D;&#x938;</subfield>
  </datafield>
  <datafield tag="040" ind1=" " ind2=" ">
    <subfield code="a">dpl</subfield>
    <subfield code="b">HIN</subfield>
  </datafield>
  <datafield tag="082" ind1=" " ind2=" ">
    <subfield code="a">&#x915;</subfield>
  </datafield>
  <datafield tag="100" ind1=" " ind2=" ">
    <subfield code="a">&#x915;&#x92E;&#x932; &#x915;&#x941;&#x92E;&#x93E;&#x930;</subfield>
  </datafield>
  <datafield tag="245" ind1=" " ind2=" ">
    <subfield code="a">&#x935;&#x948;&#x932;&#x947;&#x928;&#x94D;&#x91F;&#x93E;&#x907;&#x928; &#x921;&#x947;</subfield>
    <subfield code="c">&#x915;&#x92E;&#x932; &#x915;&#x941;&#x92E;&#x93E;&#x930;</subfield>
  </datafield>
  <datafield tag="246" ind1=" " ind2=" ">
    <subfield code="a">Velentine Day</subfield>
    <subfield code="b">by Kamal Kumar</subfield>
  </datafield>
  <datafield tag="260" ind1=" " ind2=" ">
    <subfield code="a">&#x926;&#x93F;&#x932;&#x94D;&#x932;&#x940;</subfield>
    <subfield code="b">&#x915;&#x940;&#x928; &#x92C;&#x941;&#x915;&#x94D;&#x938;</subfield>
    <subfield code="c">2005</subfield>
  </datafield>
  <datafield tag="270" ind1=" " ind2=" ">
    <subfield code="a">18-&#x92C;&#x940;, &#x938;&#x93E;&#x909;&#x925; &#x905;&#x928;&#x93E;&#x930;&#x915;&#x932;&#x940;</subfield>
    <subfield code="b">&#x926;&#x93F;&#x932;&#x94D;&#x932;&#x940;</subfield>
    <subfield code="e">110051</subfield>
  </datafield>
  <datafield tag="300" ind1=" " ind2=" ">
    <subfield code="a">144&#x92A;&#x943;</subfield>
    <subfield code="c">22 &#x938;&#x947;&#x92E;&#x940; (&#x938;&#x91C;&#x93F;&#x932;&#x94D;&#x926;)</subfield>
  </datafield>
  <datafield tag="500" ind1=" " ind2=" ">
    <subfield code="a">&#x907;&#x928;&#x94D;&#x926;&#x94D;&#x930;&#x92A;&#x94D;&#x930;&#x938;&#x94D;&#x925; &#x92A;&#x94D;&#x930;&#x915;&#x93E;&#x936;&#x928; &#x938;&#x947; &#x938;&#x928; 2002 &#x92E;&#x947;&#x902; &#x906;&#x908; &#x939;&#x948;</subfield>
  </datafield>
  <datafield tag="650" ind1=" " ind2=" ">
    <subfield code="a">&#x939;&#x93F;&#x928;&#x94D;&#x926;&#x940; &#x915;&#x939;&#x93E;&#x928;&#x93F;&#x92F;&#x93E;&#x901;</subfield>
  </datafield>
  <datafield tag="650" ind1=" " ind2=" ">
    <subfield code="a">Hindi   Stories</subfield>
  </datafield>
  <datafield tag="942" ind1=" " ind2=" ">
    <subfield code="a">dpl</subfield>
    <subfield code="c">HN</subfield>
    <subfield code="k">&#x915; / &#x915;&#x92E;&#x932;</subfield>
    <subfield code="2">ddc</subfield>
    <subfield code="h">&#x915; </subfield>
    <subfield code="m">&#x915;&#x92E;&#x932;</subfield>
  </datafield>
  <datafield tag="999" ind1=" " ind2=" ">
    <subfield code="c">4012</subfield>
    <subfield code="d">4012</subfield>
  </datafield>
  <datafield tag="952" ind1=" " ind2=" ">
    <subfield code="0">0</subfield>
    <subfield code="1">0</subfield>
    <subfield code="2">ddc</subfield>
    <subfield code="4">0</subfield>
    <subfield code="7">0</subfield>
    <subfield code="a">DBAD</subfield>
    <subfield code="b">DBAD</subfield>
    <subfield code="d">0000-00-00</subfield>
    <subfield code="g">150.00</subfield>
    <subfield code="l">0</subfield>
    <subfield code="o">&#x915;  &#x915;&#x92E;&#x932;</subfield>
    <subfield code="p">HN-52202</subfield>
    <subfield code="r">2008-09-15 00:00:00</subfield>
    <subfield code="t">1</subfield>
    <subfield code="u">4258</subfield>
    <subfield code="v">150.00</subfield>
    <subfield code="w">2008-09-15</subfield>
    <subfield code="y">HN</subfield>
  </datafield>
  <datafield tag="952" ind1=" " ind2=" ">
    <subfield code="0">0</subfield>
    <subfield code="1">0</subfield>
    <subfield code="2">ddc</subfield>
    <subfield code="4">0</subfield>
    <subfield code="7">0</subfield>
    <subfield code="8">FIC</subfield>
    <subfield code="a">VP</subfield>
    <subfield code="b">VP</subfield>
    <subfield code="d">2009-03-30</subfield>
    <subfield code="e">DBAD / PUB</subfield>
    <subfield code="g">175.00</subfield>
    <subfield code="l">3</subfield>
    <subfield code="o">&#x915;  &#x915;&#x92E;&#x932;</subfield>
    <subfield code="p">B-326513</subfield>
    <subfield code="r">2023-10-17 00:00:00</subfield>
    <subfield code="s">2023-10-04</subfield>
    <subfield code="t">1</subfield>
    <subfield code="v">175.00</subfield>
    <subfield code="w">2009-03-30</subfield>
    <subfield code="y">HN</subfield>
  </datafield>
  <datafield tag="952" ind1=" " ind2=" ">
    <subfield code="0">0</subfield>
    <subfield code="1">0</subfield>
    <subfield code="2">ddc</subfield>
    <subfield code="4">0</subfield>
    <subfield code="7">0</subfield>
    <subfield code="8">FIC</subfield>
    <subfield code="a">L</subfield>
    <subfield code="b">L</subfield>
    <subfield code="d">2009-06-16</subfield>
    <subfield code="e">&#x915;&#x940;&#x928; &#x92C;&#x941;&#x915;&#x94D;&#x938; /207/31.1.09/561/12.1.09/31.1.09</subfield>
    <subfield code="g">175.00</subfield>
    <subfield code="l">0</subfield>
    <subfield code="o">&#x915;  &#x915;&#x92E;&#x932;</subfield>
    <subfield code="p">B-316099</subfield>
    <subfield code="r">2009-06-16 00:00:00</subfield>
    <subfield code="t">1</subfield>
    <subfield code="v">175.00</subfield>
    <subfield code="w">2009-06-16</subfield>
    <subfield code="y">HN</subfield>
    <subfield code="z">Legal Case Register No. 28</subfield>
  </datafield>
  <datafield tag="952" ind1=" " ind2=" ">
    <subfield code="0">0</subfield>
    <subfield code="1">0</subfield>
    <subfield code="2">ddc</subfield>
    <subfield code="4">0</subfield>
    <subfield code="7">0</subfield>
    <subfield code="8">FIC</subfield>
    <subfield code="a">M</subfield>
    <subfield code="b">M</subfield>
    <subfield code="d">2009-06-16</subfield>
    <subfield code="e">&#x915;&#x940;&#x928; &#x92C;&#x941;&#x915;&#x94D;&#x938; /207/31.1.09/561/12.1.09/31.1.09</subfield>
    <subfield code="g">175.00</subfield>
    <subfield code="l">0</subfield>
    <subfield code="o">&#x915;  &#x915;&#x92E;&#x932;</subfield>
    <subfield code="p">B-316100</subfield>
    <subfield code="r">2009-06-16 00:00:00</subfield>
    <subfield code="t">2</subfield>
    <subfield code="v">175.00</subfield>
    <subfield code="w">2009-06-16</subfield>
    <subfield code="y">HN</subfield>
  </datafield>
  <datafield tag="952" ind1=" " ind2=" ">
    <subfield code="0">0</subfield>
    <subfield code="1">0</subfield>
    <subfield code="2">ddc</subfield>
    <subfield code="4">0</subfield>
    <subfield code="7">0</subfield>
    <subfield code="8">FIC</subfield>
    <subfield code="a">M</subfield>
    <subfield code="b">M</subfield>
    <subfield code="d">2009-06-16</subfield>
    <subfield code="e">&#x915;&#x940;&#x928; &#x92C;&#x941;&#x915;&#x94D;&#x938; /207/31.1.09/561/12.1.09/31.1.09</subfield>
    <subfield code="g">175.00</subfield>
    <subfield code="l">0</subfield>
    <subfield code="o">&#x915;  &#x915;&#x92E;&#x932;</subfield>
    <subfield code="p">B-316101</subfield>
    <subfield code="r">2009-06-16 00:00:00</subfield>
    <subfield code="t">2</subfield>
    <subfield code="v">175.00</subfield>
    <subfield code="w">2009-06-16</subfield>
    <subfield code="y">HN</subfield>
  </datafield>
  <datafield tag="952" ind1=" " ind2=" ">
    <subfield code="0">0</subfield>
    <subfield code="1">0</subfield>
    <subfield code="2">ddc</subfield>
    <subfield code="4">0</subfield>
    <subfield code="7">0</subfield>
    <subfield code="8">FIC</subfield>
    <subfield code="a">NPL</subfield>
    <subfield code="b">NPL</subfield>
    <subfield code="d">2009-06-16</subfield>
    <subfield code="e">&#x915;&#x940;&#x928; &#x92C;&#x941;&#x915;&#x94D;&#x938; /207/31.1.09/561/12.1.09/31.1.09</subfield>
    <subfield code="g">175.00</subfield>
    <subfield code="l">0</subfield>
    <subfield code="o">&#x915;  &#x915;&#x92E;&#x932;</subfield>
    <subfield code="p">B-316102</subfield>
    <subfield code="r">2009-06-16 00:00:00</subfield>
    <subfield code="t">1</subfield>
    <subfield code="v">175.00</subfield>
    <subfield code="w">2009-06-16</subfield>
    <subfield code="y">HN</subfield>
  </datafield>
  <datafield tag="952" ind1=" " ind2=" ">
    <subfield code="0">0</subfield>
    <subfield code="1">0</subfield>
    <subfield code="2">ddc</subfield>
    <subfield code="4">0</subfield>
    <subfield code="7">0</subfield>
    <subfield code="8">FIC</subfield>
    <subfield code="a">BL1</subfield>
    <subfield code="b">BL1</subfield>
    <subfield code="d">2009-06-16</subfield>
    <subfield code="e">&#x915;&#x940;&#x928; &#x92C;&#x941;&#x915;&#x94D;&#x938; /207/31.1.09/561/12.1.09/31.1.09</subfield>
    <subfield code="g">175.00</subfield>
    <subfield code="l">0</subfield>
    <subfield code="o">&#x915;  &#x915;&#x92E;&#x932;</subfield>
    <subfield code="p">B-316103</subfield>
    <subfield code="r">2009-06-16 00:00:00</subfield>
    <subfield code="t">1</subfield>
    <subfield code="v">175.00</subfield>
    <subfield code="w">2009-06-16</subfield>
    <subfield code="y">HN</subfield>
  </datafield>
  <datafield tag="952" ind1=" " ind2=" ">
    <subfield code="0">0</subfield>
    <subfield code="1">0</subfield>
    <subfield code="2">ddc</subfield>
    <subfield code="4">0</subfield>
    <subfield code="7">0</subfield>
    <subfield code="8">FIC</subfield>
    <subfield code="a">KGM</subfield>
    <subfield code="b">KGM</subfield>
    <subfield code="d">2009-06-16</subfield>
    <subfield code="e">&#x915;&#x940;&#x928; &#x92C;&#x941;&#x915;&#x94D;&#x938; /207/31.1.09/561/12.1.09/31.1.09</subfield>
    <subfield code="g">175.00</subfield>
    <subfield code="l">0</subfield>
    <subfield code="o">&#x915;  &#x915;&#x92E;&#x932;</subfield>
    <subfield code="p">B-316104</subfield>
    <subfield code="r">2009-06-16 00:00:00</subfield>
    <subfield code="t">1</subfield>
    <subfield code="v">175.00</subfield>
    <subfield code="w">2009-06-16</subfield>
    <subfield code="y">HN</subfield>
  </datafield>
  <datafield tag="952" ind1=" " ind2=" ">
    <subfield code="0">0</subfield>
    <subfield code="1">0</subfield>
    <subfield code="2">ddc</subfield>
    <subfield code="4">0</subfield>
    <subfield code="7">0</subfield>
    <subfield code="8">FIC</subfield>
    <subfield code="a">PR</subfield>
    <subfield code="b">PR</subfield>
    <subfield code="d">2009-06-16</subfield>
    <subfield code="e">&#x915;&#x940;&#x928; &#x92C;&#x941;&#x915;&#x94D;&#x938; /207/31.1.09/561/12.1.09/31.1.09</subfield>
    <subfield code="g">175.00</subfield>
    <subfield code="l">0</subfield>
    <subfield code="o">&#x915;  &#x915;&#x92E;&#x932;</subfield>
    <subfield code="p">B-316105</subfield>
    <subfield code="r">2009-06-16 00:00:00</subfield>
    <subfield code="t">1</subfield>
    <subfield code="v">175.00</subfield>
    <subfield code="w">2009-06-16</subfield>
    <subfield code="y">HN</subfield>
  </datafield>
  <datafield tag="952" ind1=" " ind2=" ">
    <subfield code="0">0</subfield>
    <subfield code="1">0</subfield>
    <subfield code="2">ddc</subfield>
    <subfield code="4">0</subfield>
    <subfield code="7">0</subfield>
    <subfield code="8">FIC</subfield>
    <subfield code="a">TN</subfield>
    <subfield code="b">TN</subfield>
    <subfield code="d">2009-06-16</subfield>
    <subfield code="e">&#x915;&#x940;&#x928; &#x92C;&#x941;&#x915;&#x94D;&#x938; /207/31.1.09/561/12.1.09/31.1.09</subfield>
    <subfield code="g">175.00</subfield>
    <subfield code="l">0</subfield>
    <subfield code="o">&#x915;  &#x915;&#x92E;&#x932;</subfield>
    <subfield code="p">B-316106</subfield>
    <subfield code="r">2009-06-16 00:00:00</subfield>
    <subfield code="t">1</subfield>
    <subfield code="v">175.00</subfield>
    <subfield code="w">2009-06-16</subfield>
    <subfield code="y">HN</subfield>
  </datafield>
  <datafield tag="952" ind1=" " ind2=" ">
    <subfield code="0">0</subfield>
    <subfield code="1">0</subfield>
    <subfield code="2">ddc</subfield>
    <subfield code="4">0</subfield>
    <subfield code="7">0</subfield>
    <subfield code="8">FIC</subfield>
    <subfield code="a">CJ</subfield>
    <subfield code="b">CJ</subfield>
    <subfield code="d">2009-06-16</subfield>
    <subfield code="e">&#x915;&#x940;&#x928; &#x92C;&#x941;&#x915;&#x94D;&#x938; /207/31.1.09/561/12.1.09/31.1.09</subfield>
    <subfield code="g">175.00</subfield>
    <subfield code="l">0</subfield>
    <subfield code="o">&#x915;  &#x915;&#x92E;&#x932;</subfield>
    <subfield code="p">B-316107</subfield>
    <subfield code="r">2009-06-16 00:00:00</subfield>
    <subfield code="t">1</subfield>
    <subfield code="v">175.00</subfield>
    <subfield code="w">2009-06-16</subfield>
    <subfield code="y">HN</subfield>
  </datafield>
  <datafield tag="952" ind1=" " ind2=" ">
    <subfield code="0">0</subfield>
    <subfield code="1">0</subfield>
    <subfield code="2">ddc</subfield>
    <subfield code="4">0</subfield>
    <subfield code="7">0</subfield>
    <subfield code="8">FIC</subfield>
    <subfield code="a">DIZ</subfield>
    <subfield code="b">DIZ</subfield>
    <subfield code="d">2009-06-16</subfield>
    <subfield code="e">&#x915;&#x940;&#x928; &#x92C;&#x941;&#x915;&#x94D;&#x938; /207/31.1.09/561/12.1.09/31.1.09</subfield>
    <subfield code="g">175.00</subfield>
    <subfield code="l">0</subfield>
    <subfield code="o">&#x915;  &#x915;&#x92E;&#x932;</subfield>
    <subfield code="p">B-316108</subfield>
    <subfield code="r">2009-06-16 00:00:00</subfield>
    <subfield code="t">1</subfield>
    <subfield code="v">175.00</subfield>
    <subfield code="w">2009-06-16</subfield>
    <subfield code="y">HN</subfield>
  </datafield>
  <datafield tag="952" ind1=" " ind2=" ">
    <subfield code="0">0</subfield>
    <subfield code="1">0</subfield>
    <subfield code="2">ddc</subfield>
    <subfield code="4">0</subfield>
    <subfield code="7">0</subfield>
    <subfield code="8">FIC</subfield>
    <subfield code="a">BL1</subfield>
    <subfield code="b">BL1</subfield>
    <subfield code="d">2009-06-16</subfield>
    <subfield code="e">&#x915;&#x940;&#x928; &#x92C;&#x941;&#x915;&#x94D;&#x938; /207/31.1.09/561/12.1.09/31.1.09</subfield>
    <subfield code="g">175.00</subfield>
    <subfield code="l">1</subfield>
    <subfield code="o">&#x915;  &#x915;&#x92E;&#x932;</subfield>
    <subfield code="p">B-316109</subfield>
    <subfield code="r">2019-03-25 00:00:00</subfield>
    <subfield code="s">2019-03-15</subfield>
    <subfield code="t">1</subfield>
    <subfield code="v">175.00</subfield>
    <subfield code="y">HN</subfield>
  </datafield>
  <datafield tag="952" ind1=" " ind2=" ">
    <subfield code="0">0</subfield>
    <subfield code="1">0</subfield>
    <subfield code="2">ddc</subfield>
    <subfield code="4">0</subfield>
    <subfield code="7">0</subfield>
    <subfield code="8">FIC</subfield>
    <subfield code="a">ZLS</subfield>
    <subfield code="b">JP</subfield>
    <subfield code="d">2009-06-16</subfield>
    <subfield code="e">&#x915;&#x940;&#x928; &#x92C;&#x941;&#x915;&#x94D;&#x938; /207/31.1.09/561/12.1.09/31.1.09</subfield>
    <subfield code="g">175.00</subfield>
    <subfield code="l">16</subfield>
    <subfield code="m">1</subfield>
    <subfield code="o">&#x915;  &#x915;&#x92E;&#x932;</subfield>
    <subfield code="p">B-316110</subfield>
    <subfield code="q">2010-08-18</subfield>
    <subfield code="r">2010-08-04 00:00:00</subfield>
    <subfield code="s">2010-08-04</subfield>
    <subfield code="t">1</subfield>
    <subfield code="v">175.00</subfield>
    <subfield code="w">2009-06-16</subfield>
    <subfield code="y">HN</subfield>
  </datafield>
  <datafield tag="952" ind1=" " ind2=" ">
    <subfield code="0">0</subfield>
    <subfield code="1">0</subfield>
    <subfield code="2">ddc</subfield>
    <subfield code="4">0</subfield>
    <subfield code="7">0</subfield>
    <subfield code="8">FIC</subfield>
    <subfield code="a">RKP</subfield>
    <subfield code="b">RKP</subfield>
    <subfield code="d">2009-06-16</subfield>
    <subfield code="e">&#x915;&#x940;&#x928; &#x92C;&#x941;&#x915;&#x94D;&#x938; /207/31.1.09/561/12.1.09/31.1.09</subfield>
    <subfield code="g">175.00</subfield>
    <subfield code="l">0</subfield>
    <subfield code="o">&#x915;  &#x915;&#x92E;&#x932;</subfield>
    <subfield code="p">B-316111</subfield>
    <subfield code="r">2009-06-16 00:00:00</subfield>
    <subfield code="t">1</subfield>
    <subfield code="v">175.00</subfield>
    <subfield code="w">2009-06-16</subfield>
    <subfield code="y">HN</subfield>
  </datafield>
  <datafield tag="952" ind1=" " ind2=" ">
    <subfield code="0">1</subfield>
    <subfield code="1">0</subfield>
    <subfield code="2">ddc</subfield>
    <subfield code="4">0</subfield>
    <subfield code="7">0</subfield>
    <subfield code="8">FIC</subfield>
    <subfield code="a">AG</subfield>
    <subfield code="b">AG</subfield>
    <subfield code="d">2009-06-16</subfield>
    <subfield code="e">&#x915;&#x940;&#x928; &#x92C;&#x941;&#x915;&#x94D;&#x938; /207/31.1.09/561/12.1.09/31.1.09</subfield>
    <subfield code="g">175.00</subfield>
    <subfield code="l">0</subfield>
    <subfield code="o">&#x915;  &#x915;&#x92E;&#x932;</subfield>
    <subfield code="p">B-316112</subfield>
    <subfield code="r">2009-06-16 00:00:00</subfield>
    <subfield code="t">1</subfield>
    <subfield code="v">175.00</subfield>
    <subfield code="w">2009-06-16</subfield>
    <subfield code="y">HN</subfield>
  </datafield>
  <datafield tag="952" ind1=" " ind2=" ">
    <subfield code="0">0</subfield>
    <subfield code="1">0</subfield>
    <subfield code="2">ddc</subfield>
    <subfield code="4">0</subfield>
    <subfield code="7">0</subfield>
    <subfield code="8">FIC</subfield>
    <subfield code="a">SP</subfield>
    <subfield code="b">SP</subfield>
    <subfield code="d">2009-06-16</subfield>
    <subfield code="e">&#x915;&#x940;&#x928; &#x92C;&#x941;&#x915;&#x94D;&#x938; /207/31.1.09/561/12.1.09/31.1.09</subfield>
    <subfield code="g">175.00</subfield>
    <subfield code="l">0</subfield>
    <subfield code="o">&#x915;  &#x915;&#x92E;&#x932;</subfield>
    <subfield code="p">B-316113</subfield>
    <subfield code="r">2009-06-16 00:00:00</subfield>
    <subfield code="t">1</subfield>
    <subfield code="v">175.00</subfield>
    <subfield code="w">2009-06-16</subfield>
    <subfield code="y">HN</subfield>
  </datafield>
  <datafield tag="952" ind1=" " ind2=" ">
    <subfield code="0">0</subfield>
    <subfield code="1">0</subfield>
    <subfield code="2">ddc</subfield>
    <subfield code="4">0</subfield>
    <subfield code="7">0</subfield>
    <subfield code="8">FIC</subfield>
    <subfield code="a">NN</subfield>
    <subfield code="b">NN</subfield>
    <subfield code="d">2009-06-16</subfield>
    <subfield code="e">&#x915;&#x940;&#x928; &#x92C;&#x941;&#x915;&#x94D;&#x938; /207/31.1.09/561/12.1.09/31.1.09</subfield>
    <subfield code="g">175.00</subfield>
    <subfield code="l">0</subfield>
    <subfield code="o">&#x915;  &#x915;&#x92E;&#x932;</subfield>
    <subfield code="p">B-316114</subfield>
    <subfield code="r">2009-06-16 00:00:00</subfield>
    <subfield code="t">1</subfield>
    <subfield code="v">175.00</subfield>
    <subfield code="w">2009-06-16</subfield>
    <subfield code="y">HN</subfield>
  </datafield>
  <datafield tag="952" ind1=" " ind2=" ">
    <subfield code="0">0</subfield>
    <subfield code="1">0</subfield>
    <subfield code="2">ddc</subfield>
    <subfield code="4">0</subfield>
    <subfield code="7">0</subfield>
    <subfield code="8">FIC</subfield>
    <subfield code="a">QRP</subfield>
    <subfield code="b">QRP</subfield>
    <subfield code="d">2009-06-16</subfield>
    <subfield code="e">&#x915;&#x940;&#x928; &#x92C;&#x941;&#x915;&#x94D;&#x938; /207/31.1.09/561/12.1.09/31.1.09</subfield>
    <subfield code="g">175.00</subfield>
    <subfield code="l">0</subfield>
    <subfield code="o">&#x915;  &#x915;&#x92E;&#x932;</subfield>
    <subfield code="p">B-316115</subfield>
    <subfield code="r">2009-06-16 00:00:00</subfield>
    <subfield code="t">1</subfield>
    <subfield code="v">175.00</subfield>
    <subfield code="w">2009-06-16</subfield>
    <subfield code="y">HN</subfield>
  </datafield>
  <datafield tag="952" ind1=" " ind2=" ">
    <subfield code="0">0</subfield>
    <subfield code="1">0</subfield>
    <subfield code="2">ddc</subfield>
    <subfield code="4">0</subfield>
    <subfield code="7">0</subfield>
    <subfield code="8">FIC</subfield>
    <subfield code="a">VP</subfield>
    <subfield code="b">VP</subfield>
    <subfield code="d">2009-06-16</subfield>
    <subfield code="e">&#x915;&#x940;&#x928; &#x92C;&#x941;&#x915;&#x94D;&#x938; /207/31.1.09/561/12.1.09/31.1.09</subfield>
    <subfield code="g">175.00</subfield>
    <subfield code="l">1</subfield>
    <subfield code="o">&#x915;  &#x915;&#x92E;&#x932;</subfield>
    <subfield code="p">B-316116</subfield>
    <subfield code="r">2010-04-19 00:00:00</subfield>
    <subfield code="s">2010-04-07</subfield>
    <subfield code="t">1</subfield>
    <subfield code="v">175.00</subfield>
    <subfield code="w">2009-06-16</subfield>
    <subfield code="y">HN</subfield>
  </datafield>
  <datafield tag="952" ind1=" " ind2=" ">
    <subfield code="0">0</subfield>
    <subfield code="1">0</subfield>
    <subfield code="2">ddc</subfield>
    <subfield code="4">0</subfield>
    <subfield code="7">0</subfield>
    <subfield code="8">FIC</subfield>
    <subfield code="a">BL3</subfield>
    <subfield code="b">BL3</subfield>
    <subfield code="d">2009-06-16</subfield>
    <subfield code="e">&#x915;&#x940;&#x928; &#x92C;&#x941;&#x915;&#x94D;&#x938; /207/31.1.09/561/12.1.09/31.1.09</subfield>
    <subfield code="g">175.00</subfield>
    <subfield code="l">0</subfield>
    <subfield code="o">&#x915;  &#x915;&#x92E;&#x932;</subfield>
    <subfield code="p">B-316117</subfield>
    <subfield code="r">2009-06-16 00:00:00</subfield>
    <subfield code="t">1</subfield>
    <subfield code="v">175.00</subfield>
    <subfield code="w">2009-06-16</subfield>
    <subfield code="y">HN</subfield>
  </datafield>
  <datafield tag="952" ind1=" " ind2=" ">
    <subfield code="0">0</subfield>
    <subfield code="1">0</subfield>
    <subfield code="2">ddc</subfield>
    <subfield code="4">0</subfield>
    <subfield code="7">0</subfield>
    <subfield code="8">FIC</subfield>
    <subfield code="a">NRR</subfield>
    <subfield code="b">NRR</subfield>
    <subfield code="d">2009-06-16</subfield>
    <subfield code="e">&#x915;&#x940;&#x928; &#x92C;&#x941;&#x915;&#x94D;&#x938; /207/31.1.09/561/12.1.09/31.1.09</subfield>
    <subfield code="g">175.00</subfield>
    <subfield code="l">0</subfield>
    <subfield code="o">&#x915;  &#x915;&#x92E;&#x932;</subfield>
    <subfield code="p">B-316118</subfield>
    <subfield code="r">2009-06-16 00:00:00</subfield>
    <subfield code="t">1</subfield>
    <subfield code="v">175.00</subfield>
    <subfield code="w">2009-06-16</subfield>
    <subfield code="y">HN</subfield>
  </datafield>
  <datafield tag="952" ind1=" " ind2=" ">
    <subfield code="0">0</subfield>
    <subfield code="1">0</subfield>
    <subfield code="2">ddc</subfield>
    <subfield code="4">0</subfield>
    <subfield code="7">0</subfield>
    <subfield code="8">FIC</subfield>
    <subfield code="a">BKK</subfield>
    <subfield code="b">BKK</subfield>
    <subfield code="d">2009-06-16</subfield>
    <subfield code="e">&#x915;&#x940;&#x928; &#x92C;&#x941;&#x915;&#x94D;&#x938; /207/31.1.09/561/12.1.09/31.1.09</subfield>
    <subfield code="g">175.00</subfield>
    <subfield code="l">0</subfield>
    <subfield code="o">&#x915;  &#x915;&#x92E;&#x932;</subfield>
    <subfield code="p">B-316119</subfield>
    <subfield code="r">2009-06-16 00:00:00</subfield>
    <subfield code="t">1</subfield>
    <subfield code="v">175.00</subfield>
    <subfield code="w">2009-06-16</subfield>
    <subfield code="y">HN</subfield>
  </datafield>
  <datafield tag="952" ind1=" " ind2=" ">
    <subfield code="0">0</subfield>
    <subfield code="1">0</subfield>
    <subfield code="2">ddc</subfield>
    <subfield code="4">0</subfield>
    <subfield code="7">0</subfield>
    <subfield code="8">FIC</subfield>
    <subfield code="a">NR</subfield>
    <subfield code="b">NR</subfield>
    <subfield code="d">2009-06-16</subfield>
    <subfield code="e">&#x915;&#x940;&#x928; &#x92C;&#x941;&#x915;&#x94D;&#x938; /207/31.1.09/561/12.1.09/31.1.09</subfield>
    <subfield code="g">175.00</subfield>
    <subfield code="l">0</subfield>
    <subfield code="o">&#x915;  &#x915;&#x92E;&#x932;</subfield>
    <subfield code="p">B-316120</subfield>
    <subfield code="r">2009-06-16 00:00:00</subfield>
    <subfield code="t">1</subfield>
    <subfield code="v">175.00</subfield>
    <subfield code="w">2009-06-16</subfield>
    <subfield code="y">HN</subfield>
  </datafield>
  <datafield tag="952" ind1=" " ind2=" ">
    <subfield code="0">0</subfield>
    <subfield code="1">0</subfield>
    <subfield code="2">ddc</subfield>
    <subfield code="4">0</subfield>
    <subfield code="7">0</subfield>
    <subfield code="8">FIC</subfield>
    <subfield code="a">BN</subfield>
    <subfield code="b">BN</subfield>
    <subfield code="d">2009-06-16</subfield>
    <subfield code="e">&#x915;&#x940;&#x928; &#x92C;&#x941;&#x915;&#x94D;&#x938; /207/31.1.09/561/12.1.09/31.1.09</subfield>
    <subfield code="g">175.00</subfield>
    <subfield code="l">2</subfield>
    <subfield code="o">&#x915;  &#x915;&#x92E;&#x932;</subfield>
    <subfield code="p">B-316121</subfield>
    <subfield code="r">2026-04-24 10:16:40</subfield>
    <subfield code="s">2026-04-16</subfield>
    <subfield code="t">1</subfield>
    <subfield code="v">175.00</subfield>
    <subfield code="w">2009-06-16</subfield>
    <subfield code="y">HN</subfield>
  </datafield>
  <datafield tag="952" ind1=" " ind2=" ">
    <subfield code="0">0</subfield>
    <subfield code="1">0</subfield>
    <subfield code="2">ddc</subfield>
    <subfield code="4">0</subfield>
    <subfield code="7">0</subfield>
    <subfield code="8">FIC</subfield>
    <subfield code="a">KV</subfield>
    <subfield code="b">KV</subfield>
    <subfield code="d">2009-06-16</subfield>
    <subfield code="e">&#x915;&#x940;&#x928; &#x92C;&#x941;&#x915;&#x94D;&#x938; /207/31.1.09/561/12.1.09/31.1.09</subfield>
    <subfield code="g">175.00</subfield>
    <subfield code="l">0</subfield>
    <subfield code="o">&#x915;  &#x915;&#x92E;&#x932;</subfield>
    <subfield code="p">B-316122</subfield>
    <subfield code="r">2009-06-16 00:00:00</subfield>
    <subfield code="t">1</subfield>
    <subfield code="v">175.00</subfield>
    <subfield code="w">2009-06-16</subfield>
    <subfield code="y">HN</subfield>
  </datafield>
  <datafield tag="952" ind1=" " ind2=" ">
    <subfield code="0">0</subfield>
    <subfield code="1">0</subfield>
    <subfield code="2">ddc</subfield>
    <subfield code="4">0</subfield>
    <subfield code="7">0</subfield>
    <subfield code="8">FIC</subfield>
    <subfield code="a">MV</subfield>
    <subfield code="b">MV</subfield>
    <subfield code="d">2009-06-16</subfield>
    <subfield code="e">&#x915;&#x940;&#x928; &#x92C;&#x941;&#x915;&#x94D;&#x938; /207/31.1.09/561/12.1.09/31.1.09</subfield>
    <subfield code="g">175.00</subfield>
    <subfield code="l">0</subfield>
    <subfield code="o">&#x915;  &#x915;&#x92E;&#x932;</subfield>
    <subfield code="p">B-316123</subfield>
    <subfield code="r">2009-06-16 00:00:00</subfield>
    <subfield code="t">1</subfield>
    <subfield code="v">175.00</subfield>
    <subfield code="w">2009-06-16</subfield>
    <subfield code="y">HN</subfield>
  </datafield>
  <datafield tag="952" ind1=" " ind2=" ">
    <subfield code="0">0</subfield>
    <subfield code="1">0</subfield>
    <subfield code="2">ddc</subfield>
    <subfield code="4">0</subfield>
    <subfield code="7">0</subfield>
    <subfield code="8">FIC</subfield>
    <subfield code="a">MP</subfield>
    <subfield code="b">MP</subfield>
    <subfield code="d">2009-06-16</subfield>
    <subfield code="e">&#x915;&#x940;&#x928; &#x92C;&#x941;&#x915;&#x94D;&#x938; /207/31.1.09/561/12.1.09/31.1.09</subfield>
    <subfield code="g">175.00</subfield>
    <subfield code="l">1</subfield>
    <subfield code="o">&#x915;  &#x915;&#x92E;&#x932;</subfield>
    <subfield code="p">B-316124</subfield>
    <subfield code="r">2023-04-01 00:00:00</subfield>
    <subfield code="s">2023-03-27</subfield>
    <subfield code="t">1</subfield>
    <subfield code="v">175.00</subfield>
    <subfield code="w">2009-06-16</subfield>
    <subfield code="y">HN</subfield>
  </datafield>
  <datafield tag="952" ind1=" " ind2=" ">
    <subfield code="0">0</subfield>
    <subfield code="1">0</subfield>
    <subfield code="2">ddc</subfield>
    <subfield code="4">0</subfield>
    <subfield code="7">0</subfield>
    <subfield code="8">FIC</subfield>
    <subfield code="a">BL4</subfield>
    <subfield code="b">BL4</subfield>
    <subfield code="d">2009-06-16</subfield>
    <subfield code="e">&#x915;&#x940;&#x928; &#x92C;&#x941;&#x915;&#x94D;&#x938; /207/31.1.09/561/12.1.09/31.1.09</subfield>
    <subfield code="g">175.00</subfield>
    <subfield code="l">1</subfield>
    <subfield code="o">&#x915;  &#x915;&#x92E;&#x932;</subfield>
    <subfield code="p">B-316125</subfield>
    <subfield code="r">2022-06-13 00:00:00</subfield>
    <subfield code="s">2022-05-31</subfield>
    <subfield code="t">1</subfield>
    <subfield code="v">175.00</subfield>
    <subfield code="w">2009-06-16</subfield>
    <subfield code="y">HN</subfield>
  </datafield>
  <datafield tag="952" ind1=" " ind2=" ">
    <subfield code="0">0</subfield>
    <subfield code="1">0</subfield>
    <subfield code="2">ddc</subfield>
    <subfield code="4">0</subfield>
    <subfield code="7">0</subfield>
    <subfield code="8">FIC</subfield>
    <subfield code="a">YV</subfield>
    <subfield code="b">YV</subfield>
    <subfield code="d">2009-06-16</subfield>
    <subfield code="e">&#x915;&#x940;&#x928; &#x92C;&#x941;&#x915;&#x94D;&#x938; /207/31.1.09/561/12.1.09/31.1.09</subfield>
    <subfield code="g">175.00</subfield>
    <subfield code="l">0</subfield>
    <subfield code="o">&#x915;  &#x915;&#x92E;&#x932;</subfield>
    <subfield code="p">B-316126</subfield>
    <subfield code="r">2009-06-16 00:00:00</subfield>
    <subfield code="t">1</subfield>
    <subfield code="v">175.00</subfield>
    <subfield code="w">2009-06-16</subfield>
    <subfield code="y">HN</subfield>
  </datafield>
  <datafield tag="952" ind1=" " ind2=" ">
    <subfield code="0">0</subfield>
    <subfield code="1">0</subfield>
    <subfield code="2">ddc</subfield>
    <subfield code="4">0</subfield>
    <subfield code="7">0</subfield>
    <subfield code="8">FIC</subfield>
    <subfield code="a">VV</subfield>
    <subfield code="b">VV</subfield>
    <subfield code="d">2009-06-16</subfield>
    <subfield code="e">&#x915;&#x940;&#x928; &#x92C;&#x941;&#x915;&#x94D;&#x938; /207/31.1.09/561/12.1.09/31.1.09</subfield>
    <subfield code="g">175.00</subfield>
    <subfield code="l">0</subfield>
    <subfield code="o">&#x915;  &#x915;&#x92E;&#x932;</subfield>
    <subfield code="p">B-316127</subfield>
    <subfield code="r">2009-06-16 00:00:00</subfield>
    <subfield code="t">1</subfield>
    <subfield code="v">175.00</subfield>
    <subfield code="w">2009-06-16</subfield>
    <subfield code="y">HN</subfield>
  </datafield>
  <datafield tag="952" ind1=" " ind2=" ">
    <subfield code="0">0</subfield>
    <subfield code="1">0</subfield>
    <subfield code="2">ddc</subfield>
    <subfield code="4">0</subfield>
    <subfield code="7">0</subfield>
    <subfield code="8">FIC</subfield>
    <subfield code="a">BL4</subfield>
    <subfield code="b">BL4</subfield>
    <subfield code="d">2009-06-16</subfield>
    <subfield code="e">&#x915;&#x940;&#x928; &#x92C;&#x941;&#x915;&#x94D;&#x938; /207/31.1.09/561/12.1.09/31.1.09</subfield>
    <subfield code="g">175.00</subfield>
    <subfield code="l">2</subfield>
    <subfield code="o">&#x915;  &#x915;&#x92E;&#x932;</subfield>
    <subfield code="p">B-316128</subfield>
    <subfield code="r">2019-10-01 00:00:00</subfield>
    <subfield code="s">2019-09-18</subfield>
    <subfield code="t">1</subfield>
    <subfield code="v">175.00</subfield>
    <subfield code="y">HN</subfield>
  </datafield>
  <datafield tag="952" ind1=" " ind2=" ">
    <subfield code="0">0</subfield>
    <subfield code="1">0</subfield>
    <subfield code="2">ddc</subfield>
    <subfield code="4">0</subfield>
    <subfield code="7">0</subfield>
    <subfield code="8">FIC</subfield>
    <subfield code="a">BL1</subfield>
    <subfield code="b">BL1</subfield>
    <subfield code="d">2009-06-16</subfield>
    <subfield code="e">&#x915;&#x940;&#x928; &#x92C;&#x941;&#x915;&#x94D;&#x938; /207/31.1.09/561/12.1.09/31.1.09</subfield>
    <subfield code="g">175.00</subfield>
    <subfield code="l">1</subfield>
    <subfield code="o">&#x915;  &#x915;&#x92E;&#x932;</subfield>
    <subfield code="p">B-316129</subfield>
    <subfield code="r">2018-08-27 00:00:00</subfield>
    <subfield code="s">2018-08-11</subfield>
    <subfield code="t">1</subfield>
    <subfield code="v">175.00</subfield>
    <subfield code="y">HN</subfield>
  </datafield>
  <datafield tag="952" ind1=" " ind2=" ">
    <subfield code="0">0</subfield>
    <subfield code="1">0</subfield>
    <subfield code="2">ddc</subfield>
    <subfield code="4">0</subfield>
    <subfield code="7">0</subfield>
    <subfield code="8">FIC</subfield>
    <subfield code="a">RC</subfield>
    <subfield code="b">RC</subfield>
    <subfield code="d">2009-06-16</subfield>
    <subfield code="e">&#x915;&#x940;&#x928; &#x92C;&#x941;&#x915;&#x94D;&#x938; /207/31.1.09/561/12.1.09/31.1.09</subfield>
    <subfield code="g">175.00</subfield>
    <subfield code="l">0</subfield>
    <subfield code="o">&#x915;  &#x915;&#x92E;&#x932;</subfield>
    <subfield code="p">B-316130</subfield>
    <subfield code="r">2009-06-16 00:00:00</subfield>
    <subfield code="t">8</subfield>
    <subfield code="v">175.00</subfield>
    <subfield code="w">2009-06-16</subfield>
    <subfield code="y">HN</subfield>
  </datafield>
  <datafield tag="952" ind1=" " ind2=" ">
    <subfield code="0">1</subfield>
    <subfield code="1">0</subfield>
    <subfield code="2">ddc</subfield>
    <subfield code="4">0</subfield>
    <subfield code="7">0</subfield>
    <subfield code="8">FIC</subfield>
    <subfield code="a">RC</subfield>
    <subfield code="b">RC</subfield>
    <subfield code="d">2009-06-16</subfield>
    <subfield code="e">&#x915;&#x940;&#x928; &#x92C;&#x941;&#x915;&#x94D;&#x938; /207/31.1.09/561/12.1.09/31.1.09</subfield>
    <subfield code="g">175.00</subfield>
    <subfield code="l">0</subfield>
    <subfield code="o">&#x915;  &#x915;&#x92E;&#x932;</subfield>
    <subfield code="p">B-316131</subfield>
    <subfield code="r">2009-06-16 00:00:00</subfield>
    <subfield code="t">8</subfield>
    <subfield code="v">175.00</subfield>
    <subfield code="w">2009-06-16</subfield>
    <subfield code="y">HN</subfield>
  </datafield>
  <datafield tag="952" ind1=" " ind2=" ">
    <subfield code="0">0</subfield>
    <subfield code="1">0</subfield>
    <subfield code="2">ddc</subfield>
    <subfield code="4">0</subfield>
    <subfield code="7">0</subfield>
    <subfield code="8">FIC</subfield>
    <subfield code="a">RC</subfield>
    <subfield code="b">RC</subfield>
    <subfield code="d">2009-06-16</subfield>
    <subfield code="e">&#x915;&#x940;&#x928; &#x92C;&#x941;&#x915;&#x94D;&#x938; /207/31.1.09/561/12.1.09/31.1.09</subfield>
    <subfield code="g">175.00</subfield>
    <subfield code="l">1</subfield>
    <subfield code="o">&#x915;  &#x915;&#x92E;&#x932;</subfield>
    <subfield code="p">B-316132</subfield>
    <subfield code="r">2025-05-24 00:00:00</subfield>
    <subfield code="s">2025-05-15</subfield>
    <subfield code="t">8</subfield>
    <subfield code="v">175.00</subfield>
    <subfield code="w">2009-06-16</subfield>
    <subfield code="y">HN</subfield>
  </datafield>
  <datafield tag="952" ind1=" " ind2=" ">
    <subfield code="0">1</subfield>
    <subfield code="1">0</subfield>
    <subfield code="2">ddc</subfield>
    <subfield code="4">0</subfield>
    <subfield code="7">0</subfield>
    <subfield code="8">FIC</subfield>
    <subfield code="a">RC</subfield>
    <subfield code="b">JP</subfield>
    <subfield code="d">2009-06-16</subfield>
    <subfield code="e">&#x915;&#x940;&#x928; &#x92C;&#x941;&#x915;&#x94D;&#x938; /207/31.1.09/561/12.1.09/31.1.09</subfield>
    <subfield code="g">175.00</subfield>
    <subfield code="l">17</subfield>
    <subfield code="o">&#x915;  &#x915;&#x92E;&#x932;</subfield>
    <subfield code="p">B-316133</subfield>
    <subfield code="r">2017-03-18 00:00:00</subfield>
    <subfield code="s">2011-05-04</subfield>
    <subfield code="t">8</subfield>
    <subfield code="v">175.00</subfield>
    <subfield code="w">2009-06-16</subfield>
    <subfield code="y">HN</subfield>
  </datafield>
  <datafield tag="952" ind1=" " ind2=" ">
    <subfield code="0">0</subfield>
    <subfield code="1">0</subfield>
    <subfield code="2">ddc</subfield>
    <subfield code="4">0</subfield>
    <subfield code="7">0</subfield>
    <subfield code="8">FIC</subfield>
    <subfield code="a">RC</subfield>
    <subfield code="b">RC</subfield>
    <subfield code="d">2009-06-16</subfield>
    <subfield code="e">&#x915;&#x940;&#x928; &#x92C;&#x941;&#x915;&#x94D;&#x938; /207/31.1.09/561/12.1.09/31.1.09</subfield>
    <subfield code="g">175.00</subfield>
    <subfield code="l">27</subfield>
    <subfield code="m">1</subfield>
    <subfield code="o">&#x915;  &#x915;&#x92E;&#x932;</subfield>
    <subfield code="p">B-316134</subfield>
    <subfield code="r">2017-07-01 00:00:00</subfield>
    <subfield code="s">2017-06-10</subfield>
    <subfield code="t">8</subfield>
    <subfield code="v">175.00</subfield>
    <subfield code="w">2009-06-16</subfield>
    <subfield code="y">HN</subfield>
  </datafield>
  <datafield tag="952" ind1=" " ind2=" ">
    <subfield code="0">0</subfield>
    <subfield code="1">0</subfield>
    <subfield code="2">ddc</subfield>
    <subfield code="4">0</subfield>
    <subfield code="7">0</subfield>
    <subfield code="8">FIC</subfield>
    <subfield code="a">RC</subfield>
    <subfield code="b">RC</subfield>
    <subfield code="d">2009-06-16</subfield>
    <subfield code="e">&#x915;&#x940;&#x928; &#x92C;&#x941;&#x915;&#x94D;&#x938; /207/31.1.09/561/12.1.09/31.1.09</subfield>
    <subfield code="g">175.00</subfield>
    <subfield code="l">0</subfield>
    <subfield code="o">&#x915;  &#x915;&#x92E;&#x932;</subfield>
    <subfield code="p">B-316135</subfield>
    <subfield code="r">2009-06-16 00:00:00</subfield>
    <subfield code="t">8</subfield>
    <subfield code="v">175.00</subfield>
    <subfield code="w">2009-06-16</subfield>
    <subfield code="y">HN</subfield>
  </datafield>
  <datafield tag="952" ind1=" " ind2=" ">
    <subfield code="0">0</subfield>
    <subfield code="1">0</subfield>
    <subfield code="2">ddc</subfield>
    <subfield code="4">0</subfield>
    <subfield code="7">0</subfield>
    <subfield code="8">FIC</subfield>
    <subfield code="a">RC</subfield>
    <subfield code="b">RC</subfield>
    <subfield code="d">2009-06-16</subfield>
    <subfield code="e">&#x915;&#x940;&#x928; &#x92C;&#x941;&#x915;&#x94D;&#x938; /207/31.1.09/561/12.1.09/31.1.09</subfield>
    <subfield code="g">175.00</subfield>
    <subfield code="l">0</subfield>
    <subfield code="o">&#x915;  &#x915;&#x92E;&#x932;</subfield>
    <subfield code="p">B-316136</subfield>
    <subfield code="r">2009-06-16 00:00:00</subfield>
    <subfield code="t">8</subfield>
    <subfield code="v">175.00</subfield>
    <subfield code="w">2009-06-16</subfield>
    <subfield code="y">HN</subfield>
  </datafield>
  <datafield tag="952" ind1=" " ind2=" ">
    <subfield code="0">0</subfield>
    <subfield code="1">0</subfield>
    <subfield code="2">ddc</subfield>
    <subfield code="4">0</subfield>
    <subfield code="7">0</subfield>
    <subfield code="8">FIC</subfield>
    <subfield code="a">RC</subfield>
    <subfield code="b">RC</subfield>
    <subfield code="d">2009-06-16</subfield>
    <subfield code="e">&#x915;&#x940;&#x928; &#x92C;&#x941;&#x915;&#x94D;&#x938; /207/31.1.09/561/12.1.09/31.1.09</subfield>
    <subfield code="g">175.00</subfield>
    <subfield code="l">0</subfield>
    <subfield code="o">&#x915;  &#x915;&#x92E;&#x932;</subfield>
    <subfield code="p">B-316137</subfield>
    <subfield code="r">2009-06-16 00:00:00</subfield>
    <subfield code="t">8</subfield>
    <subfield code="v">175.00</subfield>
    <subfield code="w">2009-06-16</subfield>
    <subfield code="y">HN</subfield>
  </datafield>
  <datafield tag="952" ind1=" " ind2=" ">
    <subfield code="0">0</subfield>
    <subfield code="1">0</subfield>
    <subfield code="2">ddc</subfield>
    <subfield code="4">0</subfield>
    <subfield code="7">0</subfield>
    <subfield code="8">FIC</subfield>
    <subfield code="a">RC3</subfield>
    <subfield code="b">RC3</subfield>
    <subfield code="d">2009-06-16</subfield>
    <subfield code="e">&#x915;&#x940;&#x928; &#x92C;&#x941;&#x915;&#x94D;&#x938; /207/31.1.09/561/12.1.09/31.1.09</subfield>
    <subfield code="g">175.00</subfield>
    <subfield code="l">0</subfield>
    <subfield code="o">&#x915;  &#x915;&#x92E;&#x932;</subfield>
    <subfield code="p">B-316138</subfield>
    <subfield code="r">2009-06-16 00:00:00</subfield>
    <subfield code="t">4</subfield>
    <subfield code="v">175.00</subfield>
    <subfield code="w">2009-06-16</subfield>
    <subfield code="y">HN</subfield>
  </datafield>
  <datafield tag="952" ind1=" " ind2=" ">
    <subfield code="0">0</subfield>
    <subfield code="1">0</subfield>
    <subfield code="2">ddc</subfield>
    <subfield code="4">0</subfield>
    <subfield code="7">0</subfield>
    <subfield code="8">FIC</subfield>
    <subfield code="a">RC3</subfield>
    <subfield code="b">RC3</subfield>
    <subfield code="d">2009-06-16</subfield>
    <subfield code="e">&#x915;&#x940;&#x928; &#x92C;&#x941;&#x915;&#x94D;&#x938; /207/31.1.09/561/12.1.09/31.1.09</subfield>
    <subfield code="g">175.00</subfield>
    <subfield code="l">0</subfield>
    <subfield code="o">&#x915;  &#x915;&#x92E;&#x932;</subfield>
    <subfield code="p">B-316139</subfield>
    <subfield code="r">2009-06-16 00:00:00</subfield>
    <subfield code="t">4</subfield>
    <subfield code="v">175.00</subfield>
    <subfield code="w">2009-06-16</subfield>
    <subfield code="y">HN</subfield>
  </datafield>
  <datafield tag="952" ind1=" " ind2=" ">
    <subfield code="0">0</subfield>
    <subfield code="1">0</subfield>
    <subfield code="2">ddc</subfield>
    <subfield code="4">0</subfield>
    <subfield code="7">0</subfield>
    <subfield code="8">FIC</subfield>
    <subfield code="a">RC3</subfield>
    <subfield code="b">RC3</subfield>
    <subfield code="d">2009-06-16</subfield>
    <subfield code="e">&#x915;&#x940;&#x928; &#x92C;&#x941;&#x915;&#x94D;&#x938; /207/31.1.09/561/12.1.09/31.1.09</subfield>
    <subfield code="g">175.00</subfield>
    <subfield code="l">0</subfield>
    <subfield code="o">&#x915;  &#x915;&#x92E;&#x932;</subfield>
    <subfield code="p">B-316140</subfield>
    <subfield code="r">2009-06-16 00:00:00</subfield>
    <subfield code="t">4</subfield>
    <subfield code="v">175.00</subfield>
    <subfield code="w">2009-06-16</subfield>
    <subfield code="y">HN</subfield>
  </datafield>
  <datafield tag="952" ind1=" " ind2=" ">
    <subfield code="0">0</subfield>
    <subfield code="1">0</subfield>
    <subfield code="2">ddc</subfield>
    <subfield code="4">0</subfield>
    <subfield code="7">0</subfield>
    <subfield code="8">FIC</subfield>
    <subfield code="a">RC3</subfield>
    <subfield code="b">RC3</subfield>
    <subfield code="d">2009-06-16</subfield>
    <subfield code="e">&#x915;&#x940;&#x928; &#x92C;&#x941;&#x915;&#x94D;&#x938; /207/31.1.09/561/12.1.09/31.1.09</subfield>
    <subfield code="g">175.00</subfield>
    <subfield code="l">0</subfield>
    <subfield code="o">&#x915;  &#x915;&#x92E;&#x932;</subfield>
    <subfield code="p">B-316141</subfield>
    <subfield code="r">2009-06-16 00:00:00</subfield>
    <subfield code="t">4</subfield>
    <subfield code="v">175.00</subfield>
    <subfield code="w">2009-06-16</subfield>
    <subfield code="y">HN</subfield>
  </datafield>
  <datafield tag="952" ind1=" " ind2=" ">
    <subfield code="0">0</subfield>
    <subfield code="1">0</subfield>
    <subfield code="2">ddc</subfield>
    <subfield code="4">0</subfield>
    <subfield code="7">0</subfield>
    <subfield code="8">FIC</subfield>
    <subfield code="a">RC4</subfield>
    <subfield code="b">RC4</subfield>
    <subfield code="d">2009-06-16</subfield>
    <subfield code="e">&#x915;&#x940;&#x928; &#x92C;&#x941;&#x915;&#x94D;&#x938; /207/31.1.09/561/12.1.09/31.1.09</subfield>
    <subfield code="g">175.00</subfield>
    <subfield code="l">0</subfield>
    <subfield code="o">&#x915;  &#x915;&#x92E;&#x932;</subfield>
    <subfield code="p">B-316142</subfield>
    <subfield code="r">2009-06-16 00:00:00</subfield>
    <subfield code="t">3</subfield>
    <subfield code="v">175.00</subfield>
    <subfield code="w">2009-06-16</subfield>
    <subfield code="y">HN</subfield>
  </datafield>
  <datafield tag="952" ind1=" " ind2=" ">
    <subfield code="0">0</subfield>
    <subfield code="1">0</subfield>
    <subfield code="2">ddc</subfield>
    <subfield code="4">0</subfield>
    <subfield code="7">0</subfield>
    <subfield code="8">FIC</subfield>
    <subfield code="a">RC4</subfield>
    <subfield code="b">RC4</subfield>
    <subfield code="d">2009-06-16</subfield>
    <subfield code="e">&#x915;&#x940;&#x928; &#x92C;&#x941;&#x915;&#x94D;&#x938; /207/31.1.09/561/12.1.09/31.1.09</subfield>
    <subfield code="g">175.00</subfield>
    <subfield code="l">0</subfield>
    <subfield code="o">&#x915;  &#x915;&#x92E;&#x932;</subfield>
    <subfield code="p">B-316143</subfield>
    <subfield code="r">2009-06-16 00:00:00</subfield>
    <subfield code="t">3</subfield>
    <subfield code="v">175.00</subfield>
    <subfield code="w">2009-06-16</subfield>
    <subfield code="y">HN</subfield>
  </datafield>
  <datafield tag="952" ind1=" " ind2=" ">
    <subfield code="0">0</subfield>
    <subfield code="1">0</subfield>
    <subfield code="2">ddc</subfield>
    <subfield code="4">0</subfield>
    <subfield code="7">0</subfield>
    <subfield code="8">FIC</subfield>
    <subfield code="a">RC4</subfield>
    <subfield code="b">RC4</subfield>
    <subfield code="d">2009-06-16</subfield>
    <subfield code="e">&#x915;&#x940;&#x928; &#x92C;&#x941;&#x915;&#x94D;&#x938; /207/31.1.09/561/12.1.09/31.1.09</subfield>
    <subfield code="g">175.00</subfield>
    <subfield code="l">0</subfield>
    <subfield code="o">&#x915;  &#x915;&#x92E;&#x932;</subfield>
    <subfield code="p">B-316144</subfield>
    <subfield code="r">2009-06-16 00:00:00</subfield>
    <subfield code="t">3</subfield>
    <subfield code="v">175.00</subfield>
    <subfield code="w">2009-06-16</subfield>
    <subfield code="y">HN</subfield>
  </datafield>
</record>
